Egy online kereskedelemmel foglalkozó vállalkozás sajátosságainak elemzése, az üzletnyitással járó tényezők vizsgálata

Bibliographic Details
Main Author: Vitéz Renáta
Other Authors: Sisa Dr. Krisztina A.
Format: Thesis
Kulcsszavak:Kereskedelem
Elemzés
Eredményelemzés
Online Access:http://dolgozattar.uni-bge.hu/9645

MARC

LEADER 00000nta a2200000 i 4500
001 dolg9645
005 20161219194832.0
008 161219suuuu hu om 000 hun d
040 |a BGE Dolgozattár Repozitórium  |b hun 
041 |a hu 
100 1 |a Vitéz Renáta 
245 1 0 |a Egy online kereskedelemmel foglalkozó vállalkozás sajátosságainak elemzése, az üzletnyitással járó tényezők vizsgálata  |c Vitéz Renáta  |h [elektronikus dokumentum] 
695 |a Kereskedelem 
695 |a Elemzés 
695 |a Eredményelemzés 
700 1 |a Sisa Dr. Krisztina A.  |e ths 
856 4 0 |u http://dolgozattar.uni-bge.hu/9645/1/_H8HA03_Szakdolgozat_FINAL_to%20print.pdf  |z Dokumentum-elérés 
856 4 0 |u http://dolgozattar.uni-bge.hu/9645/2/_2_titkositasi-kerelem-2016_alairt.pdf  |z Dokumentum-elérés 
856 4 0 |u http://dolgozattar.uni-bge.hu/9645/12/Scanbot%202016.%20dec.%2019.%2017.05.pdf  |z Dokumentum-elérés